000 00828nam a2200277 i 4500
001 C2-0330511
003 PPAK
005 20180728131122.0
008 150426s2013 my a|||| ||||| | may d
020 _a9789670414904
040 _aPPAK
_beng
_cPPAK
_erda
082 0 4 _a297.1222903
_223
090 0 0 _a297.1222903
_bENS
_dRK
245 0 0 _aEnsiklopedia juz Amma
264 1 _aHulu Selangor, Selangor :
_bDarul Mughni Trading ,
_c2013
300 _a180 pages :
_bcolour illustrations ;
_c26 cm
336 _2rdacontent
_atext
337 _2rdamedia
_aunmediated
338 _2rdacarrier
_avolume
500 _a1 CD-ROM
650 1 0 _aQur'an, uz'Amma. ; Qur'an - Encyclopedias.
700 0 _aAminah Mustari,
_ecompile
700 0 _aHaslinda Hasim,
_eeditor
700 0 _aHaslinda Hasim,
_etranslator.
942 _ddc
_cB
999 _c129358
_d129358